| 000 | 00488nam a2200205Ia 4500 | ||
|---|---|---|---|
| 003 | OSt | ||
| 005 | 20230405144707.0 | ||
| 008 | 210423s2007 xx 000 0 und d | ||
| 020 | _a9780143065883 | ||
| 040 | _cAL | ||
| 041 | _aeng | ||
| 082 |
_a823 SINK _223 |
||
| 100 |
_aSINGH (Khushwant). _983547 |
||
| 245 | _aTrain to Pakistan. | ||
| 260 |
_aNew Delhi _bPenguin Books Ltd _c2007 |
||
| 300 |
_a190 _bPB |
||
| 365 |
_b199 _cINR |
||
| 906 | _apakistan. ; Train | ||
| 942 |
_2ddc _cBK |
||
| 999 |
_c158758 _d158758 |
||